|
|
|
|
| LEADER |
00000nam0a2200000 4500 |
| 001 |
123530 |
| 005 |
20231101215818.0 |
| 010 |
|
|
|a 5280005835
|
| 020 |
|
|
|a RU
|b 89-79978
|
| 035 |
|
|
|a (RuTPU)RU\TPU\book\133709
|
| 090 |
|
|
|a 123530
|
| 100 |
|
|
|a 20071018d1989 m y0rusy5003 ca
|
| 101 |
0 |
|
|a rus
|
| 102 |
|
|
|a RU
|
| 105 |
|
|
|a a z 000gy
|
| 200 |
1 |
|
|a Стихотворения
|f А. Т. Твардовский
|g сост. и вступит. ст. В. Лакшин
|
| 210 |
|
|
|a Москва
|c Художественная литература
|d 1989
|
| 215 |
|
|
|a 397,[1] с.
|c портр., ил.
|d 17 см
|
| 225 |
1 |
|
|a Русская муза
|
| 610 |
1 |
|
|a советская литература
|
| 610 |
1 |
|
|a поэзия
|
| 675 |
|
|
|a Р2
|z rus
|
| 700 |
|
1 |
|a Твардовский
|b А. Т.
|c русский поэт
|f 1910-1971
|g Александр Трифонович
|2 stltpush
|3 (RuTPU)RU\TPU\pers\452
|9 220
|
| 702 |
|
1 |
|a Лакшин
|b В.
|4 220
|
| 801 |
|
0 |
|a RU
|b RuMRKP
|c 19950417
|g psbo
|
| 801 |
|
1 |
|a RU
|b 63413507
|c 20071018
|g PSBO
|
| 801 |
|
2 |
|a RU
|b 63413507
|c 20071018
|g PSBO
|
| 942 |
|
|
|c BK
|